Traditional candlemaking: simple methods of manufacture (Record no. 60238)

MARC details
000 -LEADER
fixed length control field 00593nam a2200145 a 4500
008 - FIXED-LENGTH DATA ELEMENTS--GENERAL INFORMATION
fixed length control field 130319s1992 ||||||||||||||||| || u
020 ## - INTERNATIONAL STANDARD BOOK NUMBER
International Standard Book Number 1853391247
050 ## - LIBRARY OF CONGRESS CALL NUMBER
Classification number TT 896.5 Mil
100 ## - MAIN ENTRY--PERSONAL NAME
Personal name Millington, Deborah
245 10 - TITLE STATEMENT
Title Traditional candlemaking: simple methods of manufacture
Statement of responsibility, etc. by Deborah Millington
260 ## - PUBLICATION, DISTRIBUTION, ETC.
Place of publication, distribution, etc. London:
Name of publisher, distributor, etc. Intermediate Technology Publications
Date of publication, distribution, etc. 1992
300 ## - PHYSICAL DESCRIPTION
Extent 40p.: ill.
650 ## - SUBJECT ADDED ENTRY--TOPICAL TERM
Topical term or geographic name entry element TRADITIONAL CANDLEMAKING
995 ## - RECOMMENDATION 995 [LOCAL, UNIMARC FRANCE]
-- CBU-MAIN LIBRARY (Kitwe)
-- 1
-- AVAILABLE
-- Mar 19, 2013
-- Main Library Open Access Collection
Holdings
Withdrawn status Lost status Source of classification or shelving scheme Damaged status Not for loan Home library Current library Shelving location Date acquired Total Checkouts Full call number Barcode Date last seen Price effective from Koha item type
          CBU-MAIN LIBRARY, KITWE. CBU-MAIN LIBRARY, KITWE.   11/30/2022   TT 896.5 Mil 739191 11/30/2022 11/30/2022 MONOGRAPH